Microsoft office professional: instant reference (Record no. 1933)

MARC details
000 -LEADER
fixed length control field 00357nam a2200133Ia 4500
020 ## - INTERNATIONAL STANDARD BOOK NUMBER
ISBN 81-7029-532-7
082 ## - DEWEY DECIMAL CLASSIFICATION NUMBER
Classification number 005.43 DIE-M
100 ## - MAIN ENTRY--AUTHOR NAME
Personal name Dienes, Shell S.
245 #0 - TITLE STATEMENT
Title Microsoft office professional: instant reference
260 ## - PUBLICATION, DISTRIBUTION, ETC. (IMPRINT)
Place of publication New Delhi
Name of publisher BPB Publications
Year of publication 1995
300 ## - PHYSICAL DESCRIPTION
Number of Pages xxv, 499
942 ## - ADDED ENTRY ELEMENTS (KOHA)
Koha item type Books
Holdings
Withdrawn status Lost status Damaged status Not for loan Home library Current library Date acquired Bill Date Full call number Accession Number Price effective from Koha item type
        NASSDOC Library NASSDOC Library 08/06/2004 2008-12-30 005.43 DIE-M 35663 18/04/2019 Books